Last Years of British India (Record no. 2869)

MARC details
000 -LEADER
fixed length control field 00606nam a2200253 a 4500
020 ## - INTERNATIONAL STANDARD BOOK NUMBER
ISBN
082 00 - DEWEY DECIMAL CLASSIFICATION NUMBER
Classification number 954.0359
Author Cutter EDW
100 ## - MAIN ENTRY--AUTHOR NAME
Author name Edwardes, Michael
245 ## - TITLE STATEMENT
Title Last Years of British India
260 ## - PUBLICATION, DISTRIBUTION, ETC. (IMPRINT)
Place of publication London
Name of publisher Cassel
Year of publication 1963
300 ## - PHYSICAL DESCRIPTION
Number of Pages 250p
500 ## - GENERAL NOTE
General note includes index and biblioraphy
505 2# - FORMATTED CONTENTS NOTE
Formatted contents note Index
650 ## - SUBJECT ADDED ENTRY--TOPICAL TERM
Topical Term British-India
650 ## - SUBJECT ADDED ENTRY--TOPICAL TERM
Topical Term India-Freedom Struggle
942 ## - ADDED ENTRY ELEMENTS (KOHA)
Koha item type Books
700 1# -
-- Edwardes, Michael
Holdings
Collection code Home library Current library Date acquired Cost, normal purchase price Full call number Accession Number Koha item type
  Henry Martyn Institute Library Henry Martyn Institute Library 04/04/2007 1675.00 954.0359 EDW 03324 Books
                   Copyright © 2026 | Henry Martyn Institute | Hyderabad | TS-500052 | INDIA | Implemented by hmi.edu.in
Hit-Count:

Powered by Koha